Una pasión por la vida: aportes para una comprensión actual de la iglesia
Uloženo v:
| Hlavní autor: | |
|---|---|
| Médium: | Kniha |
| Jazyk: | španělština |
| Vydáno: |
Santiago
Equipo de servicios de la Juventud
1975
|
| Edice: | Gente Joven, 6
|
| Témata: | |
| Tagy: |
Přidat tag
Žádné tagy, Buďte první, kdo vytvoří štítek k tomuto záznamu!
|
MARC
| LEADER | 00000nam a2200000 a 4500 | ||
|---|---|---|---|
| 001 | UCR2052 | ||
| 003 | CL-VaPUC | ||
| 008 | 980109e19750000CL |||||||||||||||||spa|d | ||
| 082 | 0 | 4 | |a 260.1 |b GAL |2 21 |
| 100 | 0 | |a Gallo, Luís |e author |9 399678 | |
| 245 | 1 | 4 | |a Una pasión por la vida: aportes para una comprensión actual de la iglesia |
| 300 | |a 201 p | ||
| 942 | |c BK | ||
| 945 | |d 19980109 00:00:00 |a jquezada | ||
| 260 | |a Santiago |b Equipo de servicios de la Juventud |c 1975 | ||
| 600 | 0 | |a Virgen María |9 314204 | |
| 600 | 0 | |a Iglesia católica |9 255129 | |
| 600 | 0 | |a Dios |9 314467 | |
| 650 | 0 | |a Teología social |9 326726 | |
| 650 | 0 | |a Cristianismo |9 257361 | |
| 650 | 0 | |a Salvación |9 315007 | |
| 650 | 7 | |a COMUNIDAD CRISTIANA |2 CL-VaPUC |9 395236 | |
| 650 | 0 | |a Fe |9 308036 | |
| 650 | 0 | |a Sacerdocio |9 319738 | |
| 650 | 0 | |a Pastorales |9 376637 | |
| 650 | 0 | |a Laicos |9 255625 | |
| 583 | |a last modification |c 19980109 00:00:00 |k Rodrigo Vera | ||
| 490 | 0 | |a Gente Joven, 6 | |
| 999 | |c 265326 |d 265324 | ||
| 952 | |0 0 |1 0 |4 0 |6 260_100000000000000_GAL_1975 |7 0 |8 A |9 296203 |a BIBTEO |b BIBTEO |d 2019-11-20 |i 3372472 |o 260.1 GAL 1975 |p 3372472 |r 2025-01-17 |w 2019-11-20 |y BK |k ICR | ||
| 952 | |0 0 |1 0 |4 0 |6 260_100000000000000_GAL_1975 |7 0 |8 A |9 296204 |a BIBTEO |b BIBTEO |d 2019-11-20 |i 3372480 |o 260.1 GAL 1975 |p 3372480 |r 2025-01-17 |w 2019-11-20 |y BK |k ICR | ||
| 952 | |0 0 |1 0 |4 0 |6 260_100000000000000_GAL_1975 |7 0 |8 A |9 296205 |a BIBTEO |b BIBTEO |d 2019-11-20 |i 3372499 |o 260.1 GAL 1975 |p 3372499 |r 2025-01-17 |w 2019-11-20 |y BK |k ICR | ||
| 952 | |0 0 |1 0 |4 0 |6 260_100000000000000_GAL_1975 |7 0 |8 A |9 296206 |a BIBTEO |b BIBTEO |d 2019-11-20 |i 2087987 |o 260.1 GAL 1975 |p 2087987 |r 2025-01-17 |w 2019-11-20 |y BK |k ICR | ||